| 000 | 00839cam a22002653a 4500 | ||
|---|---|---|---|
| 001 | 21815 | ||
| 003 | PGUSA | ||
| 005 | 20140828083450.0 | ||
| 008 | 070612s2007||||xxu|||||s|||||000 | eng d | ||
| 040 |
_aPGUSA _beng |
||
| 042 | _adc | ||
| 050 | 4 | _aPR | |
| 100 | 1 |
_aFitzgerald, Percy Hetherington, _d1834-1925 |
|
| 245 | 1 | 0 |
_aJohn Forster : _bBy One of His Friends _h[electronic resource] / _cPercy Hetherington Fitzgerald |
| 260 |
_bProject Gutenberg, _c2007 |
||
| 506 | _aPublic domain in the USA. | ||
| 516 | _aElectronic text | ||
| 653 | _aCritics -- England -- Biography | ||
| 653 | _aForster, John, 1812-1876 | ||
| 653 | _aBiographers -- England -- Biography | ||
| 653 | _aLiterary historians -- England -- Biography | ||
| 830 | 0 |
_aProject Gutenberg _v21815 |
|
| 856 | 4 | 0 | _uhttp://www.gutenberg.org/ebooks/21815 |
| 942 | _cEB | ||
| 999 |
_c251070 _d251070 |
||